Statistics for Bad Photography - Pokemon (Gen I)

Click here to take the quiz!

General Stats

  • This quiz has been taken 13 times
  • The average score is 15 of 16

Answer Stats

Answer% Correct
Jigglypuff
100%
Pikachu
100%
Vaporeon
100%
Alakazam
92%
Charmeleon
92%
Golem
92%
Mew
92%
Onix
92%
Scyther
92%
Zapdos
92%
Haunter
85%
Hitmonchan
85%
Seel
85%
Tentacruel
85%
Venusaur
85%
Weezing
85%

Score Distribution

Percentile by Number Answered

Percent of People with Each Score

Your Score History

You have not taken this quiz